top 50 numéros 1 années 1987,1988 et 1989 - Statistiques

Statistiques générales
  • Ce quiz a été pris 160 fois
  • Le résultat moyen est 12 sur 23
Statistiques - réponses
date interprète titre % Correct
du 2 août au 11 octobre 1987 vanessa paradis joe le taxi
98%
du 12 au 26 juillet 1987 madonna la isla bonita
88%
du 4 au 22 février 1987 elsa t'en va pas
81%
du 6 février au 5 mars 1988 sabrina boys
81%
du 3 décembre au 31 décembre 1988 mylène farmer pourvu qu'elles soient douces
78%
du 9 décembre au 30 décembre 1989 roch voisine hélène
72%
du 16 juillet au 10 septembre 1988 début de soirée nuit de folie
65%
du 12 avril au 5 juillet 1987 licence IV viens boire un p'tit coup à la maison
59%
du 7 mai au 25 juin 1988 florent pagny n'importe quoi
54%
du 1er mars au 5 avril 1987 francis lalanne on se retrouvera
53%
du 2 au 30 janvier 1988 guesch patti etienne
49%
du 29 juillet au 14 octobre 1989 kaoma lambada
48%
du 12 mars au 30 avril 1988 glenn medeiros nothing's gonna change my love for you
44%
du 18 octobre au 27 décembre 1987 los lobos la bamba
42%
du 7 janvier au 4 février 1989 david hallyday high
38%
du 21 au 28 octobre 1989 philippe lafontaine coeur de loup
36%
du 17 septembre au 29 octobre 1988 elsa et glenn medeiros un roman d'amitié
33%
du 2 au 9 juillet 1988 sandy j'ai faim de toi
30%
du 29 octobre au 26 novembre 1988 paco amor de mi amores
29%
du 3 juin au 29 juillet 1989 avalanche johnny johnny come home
28%
du 22 avril au 27 mai 1989 boney m megamix
21%
du 4 novembre au 2 décembre 1989 jive bunny swing the mood
20%
du 11 février au 15 avril 1989 aznavour et divers pour toi arménie
5%
Aucun quiz correspondant
Distribution des résultats
% des personnes avec chaque résultat
Percentile par nombre de réponses
Votre historique - résultats
Vous n’avez pas pris ce quiz